[Event "CAN-ch U20 1996-97"]
[Site "Edmonton CAN"]
[Date "1996.12.29"]
[Round "5"]
[White "Lou Meng"]
[Black "Hua, Lefong"]
[Result "1/2-1/2"]
[WhiteElo "2274"]
[BlackElo "2248"]
[PlyCount "66"]
[EventDate "1996.12.27"]
[EventType "tourn"]
[EventRounds "11"]
[EventCountry "CAN"]

1. d4 Nf6 2. Nf3 g6 3. c4 Bg7 4. Nc3 O-O 5. e4 d6 6. h3 Na6 7. Bg5 h6 8. Be3 e5
9. d5 Nc5 10. Nd2 a5 11. g4 Ne8 12. Qe2 c6 13. O-O-O cxd5 14. Nxd5 b6 15. f3
Rb8 16. Nb1 Bd7 17. Nbc3 Bc6 18. Qd2 Kh7 19. h4 Rb7 20. h5 g5 21. Bxc5 bxc5 22.
Rh2 Bf6 23. Kb1 Be7 24. Qe3 Ng7 25. Rhd2 Rd7 26. Nb5 Bxb5 27. cxb5 Ne6 28. Bc4
Nd4 29. a4 Qb8 30. Rd3 Rfd8 31. Qd2 Kg7 32. b3 Bf6 33. Ne3 Ra7 1/2-1/2

[Event "CAN-ch U20 1996-97"]
[Site "Edmonton CAN"]
[Date "1996.12.29"]
[Round "5"]
[White "Nabi, Shahin"]
[Black "Gulati, Justin"]
[Result "0-1"]
[WhiteElo "1920"]
[BlackElo "2004"]
[PlyCount "130"]
[EventDate "1996.12.27"]
[EventType "tourn"]
[EventRounds "11"]
[EventCountry "CAN"]

1. e4 e5 2. Nf3 Nc6 3. Bb5 a6 4. Ba4 Nf6 5. O-O Be7 6. Re1 b5 7. Bb3 O-O 8. c3
d5 9. exd5 Nxd5 10. Nxe5 Nxe5 11. Rxe5 Nf6 12. h3 Bd6 13. Re1 Ng4 14. Qf3 Qh4
15. Re8 Bb7 16. Rxf8+ Rxf8 17. Qxg4 Re8 18. Qd1 Qe4 19. f3 Qh4 20. Kf1 Bg3 21.
d4 Re1+ 22. Qxe1 Bxe1 23. Be3 Bg3 24. Nd2 g5 25. d5 Bc8 26. Ne4 Bf4 27. Nf6+
Kf8 28. Bd4 Bf5 29. Bf2 Bd3+ 30. Kg1 Bh2+ 31. Kxh2 Qxf2 32. Rg1 Qxb2 33. Ne4
Bxe4 34. fxe4 Qxc3 35. Rf1 f6 36. Rf3 Qe5+ 37. Kh1 Kg7 38. Rd3 Qxe4 39. Rd1 Qe5
40. Rc1 h5 41. Rc6 g4 42. hxg4 hxg4 43. d6 g3 44. Rxc7+ Kh6 45. Rc1 Qh5+ 46.
Kg1 Qh2+ 47. Kf1 Qh1+ 48. Ke2 Qxc1 49. d7 Qb2+ 50. Kd3 Qb1+ 51. Kd2 Qb2+ 52.
Kd3 Qxg2 53. d8=Q Qf3+ 54. Kd2 g2 55. Qf8+ Kg5 56. Qg7+ Kh4 57. Qh6+ Kg3 58.
Qg6+ Kf2 59. Qf7 g1=Q 60. Qa7+ Kf1 61. Qxa6 Qge3+ 62. Kc2 Qfe2+ 63. Kb1 Q3d3+
64. Ka1 Qc3+ 65. Kb1 Qeb2# 0-1

[Event "CAN-ch U20 1996-97"]
[Site "Edmonton CAN"]
[Date "1996.12.29"]
[Round "6"]
[White "Gulati, Justin"]
[Black "Goldenberg, Danny"]
[Result "0-1"]
[WhiteElo "2004"]
[BlackElo "2355"]
[PlyCount "54"]
[EventDate "1996.12.27"]
[EventType "tourn"]
[EventRounds "11"]
[EventCountry "CAN"]

1. e4 c5 2. Nf3 Nc6 3. d4 cxd4 4. Nxd4 e5 5. Nb5 d6 6. N1c3 a6 7. Na3 b5 8. Nd5
Nge7 9. c4 Nd4 10. Be3 Nxd5 11. cxd5 Be7 12. Bxd4 exd4 13. Qxd4 O-O 14. Be2 Re8
15. Qd2 Bg5 16. Qd3 Qa5+ 17. Kf1 Qb4 18. f3 f5 19. Nxb5 axb5 20. Qxb5 Qxb5 21.
Bxb5 Ba6 22. Bxa6 Rxa6 23. a3 fxe4 24. fxe4 Bf6 25. Rb1 Rb8 26. b4 Rxa3 27. Ke2
Ra4 0-1

[Event "CAN-ch U20 1996-97"]
[Site "Edmonton CAN"]
[Date "1996.12.29"]
[Round "6"]
[White "Henson, Joshua"]
[Black "Lou Meng"]
[Result "1/2-1/2"]
[WhiteElo "1873"]
[BlackElo "2274"]
[PlyCount "59"]
[EventDate "1996.12.27"]
[EventType "tourn"]
[EventRounds "11"]
[EventCountry "CAN"]

1. e4 e5 2. Nf3 Nc6 3. Bb5 a6 4. Bxc6 dxc6 5. O-O Bg4 6. h3 h5 7. d3 Qf6 8.
Nbd2 Ne7 9. Re1 Ng6 10. d4 Bd6 11. hxg4 hxg4 12. Nh2 Rxh2 13. Qxg4 Qh4 14. Qxh4
Rxh4 15. Nf3 Rh8 16. Be3 O-O-O 17. Rad1 Rhe8 18. Bc1 c5 19. dxe5 Bxe5 20. g3 b6
21. Kg2 Kb7 22. Rxd8 Rxd8 23. Ng5 Rd7 24. f4 Bf6 25. Nf3 Nf8 26. e5 Be7 27. f5
Rd5 28. g4 Kc8 29. Kg3 c4 30. Kf4 1/2-1/2

[Event "CAN-ch U20 1996-97"]
[Site "Edmonton CAN"]
[Date "1996.12.29"]
[Round "6"]
[White "Marshall, Peter"]
[Black "Nabi, Shahin"]
[Result "1-0"]
[WhiteElo "2231"]
[BlackElo "1920"]
[PlyCount "55"]
[EventDate "1996.12.27"]
[EventType "tourn"]
[EventRounds "11"]
[EventCountry "CAN"]

1. d4 Nf6 2. c4 g6 3. Nc3 Bg7 4. e4 d6 5. f3 O-O 6. Be3 c6 7. Nge2 Nbd7 8. Qd2
a6 9. g4 h5 10. gxh5 Nxh5 11. Ng3 Ndf6 12. O-O-O b5 13. Kb1 Be6 14. d5 cxd5 15.
Nxd5 Bxd5 16. cxd5 Qd7 17. Nxh5 Nxh5 18. h4 Kh7 19. Bh3 Qb7 20. Bg4 Rg8 21.
Rdg1 Bf6 22. Qc2 Kh8 23. e5 Bxe5 24. Bxh5 gxh5 25. Qf5 Rg7 26. Rxg7 Kxg7 27.
Rg1+ Kf8 28. Bh6+ 1-0

[Event "CAN-ch U20 1996-97"]
[Site "Edmonton CAN"]
[Date "1996.12.29"]
[Round "6"]
[White "McLean, Nathan"]
[Black "Ho, Andrew"]
[Result "0-1"]
[WhiteElo "2012"]
[BlackElo "2277"]
[PlyCount "58"]
[EventDate "1996.12.27"]
[EventType "tourn"]
[EventRounds "11"]
[EventCountry "CAN"]

1. e4 c5 2. f4 e6 3. Nf3 d5 4. e5 Ne7 5. d4 Nf5 6. c3 Nc6 7. Bd3 g6 8. Bxf5
gxf5 9. a3 Qb6 10. b4 cxb4 11. axb4 Bd7 12. Nbd2 Qc7 13. Nb3 Ne7 14. Qd3 a6 15.
Bd2 Bb5 16. Qb1 Nc8 17. g3 Nb6 18. Ra2 Rc8 19. Qa1 Nc4 20. Nc5 Be7 21. O-O Nxd2
22. Nxd2 Bxf1 23. Kxf1 b6 24. Na4 Qc6 25. Kf2 Qb5 26. Ke3 Ra8 27. Nb2 O-O 28.
Nb3 Rfc8 29. Kd2 Bxb4 0-1

[Event "CAN-ch U20 1996-97"]
[Site "Edmonton CAN"]
[Date "1996.12.29"]
[Round "6"]
[White "Wu, Douglas"]
[Black "Dutton, Warren"]
[Result "0-1"]
[WhiteElo "2001"]
[BlackElo "2006"]
[PlyCount "246"]
[EventDate "1996.12.27"]
[EventType "tourn"]
[EventRounds "11"]
[EventCountry "CAN"]

1. e4 e5 2. f4 d5 3. exd5 e4 4. d3 Qxd5 5. Nc3 Bb4 6. Bd2 Bxc3 7. Bxc3 Nf6 8.
Bxf6 gxf6 9. dxe4 Qxe4+ 10. Qe2 f5 11. O-O-O Be6 12. Qd2 Nd7 13. Bd3 Qa4 14. a3
O-O-O 15. Ne2 Nc5 16. Qe3 b6 17. Kb1 Rhe8 18. Nc3 Qa5 19. Qf3 Kb8 20. Bb5 Rg8
21. Be2 Nb7 22. Qc6 Qc5 23. Bf3 Qxc6 24. Bxc6 Nd6 25. Bf3 Nc4 26. Nd5 Bxd5 27.
Rxd5 Nd2+ 28. Kc1 Nxf3 29. Rxd8+ Rxd8 30. gxf3 Rd4 31. Rf1 Rxf4 32. Kd2 Rh4 33.
Rf2 Kb7 34. Ke2 Kc6 35. Kd3 Kd5 36. c3 Rh6 37. Rg2 Rg6 38. Rxg6 fxg6 39. f4 b5
40. b3 a5 41. c4+ Kc5 42. cxb5 Kxb5 43. Kd4 c5+ 44. Kd5 g5 45. fxg5 f4 46. Ke4
a4 47. bxa4+ Kxa4 48. h4 c4 49. h5 c3 50. g6 hxg6 51. hxg6 c2 52. g7 c1=Q 53.
g8=Q Qe3+ 54. Kf5 f3 55. Qc4+ Kxa3 56. Qa6+ Kb2 57. Qb5+ Kc2 58. Qc4+ Kd2 59.
Qa2+ Ke1 60. Qb1+ Ke2 61. Qc2+ Kf1 62. Qc4+ Ke1 63. Qb4+ Qd2 64. Qe4+ Qe2 65.
Qb1+ Kf2 66. Qb6+ Kf1 67. Qb1+ Kg2 68. Qb7 Kg1 69. Qg7+ Qg2 70. Qa1+ Kh2 71.
Qe5+ Qg3 72. Qb2+ f2 73. Ke6 Qg2 74. Qe5+ Kg1 75. Qd4 Qh3+ 76. Ke7 Qh7+ 77. Ke6
Qg6+ 78. Ke7 Kg2 79. Qd5+ Kg3 80. Qe5+ Kf3 81. Qc3+ Kg2 82. Qd2 Qe4+ 83. Kd8
Qh4+ 84. Kd7 Kg1 85. Qe3 Kh2 86. Qd2 Kg1 87. Qe3 Kg2 88. Qd2 Kh3 89. Qe3+ Kh2
90. Qd2 Qh3+ 91. Ke8 Qf3 92. Qh6+ Kg1 93. Qg5+ Kf1 94. Qc1+ Ke2 95. Qc4+ Ke3
96. Qc3+ Kf4 97. Qf6+ Kg3 98. Qg5+ Qg4 99. Qe3+ Kg2 100. Qd2 Qe4+ 101. Kd8 Qe5
102. Qa2 Qb8+ 103. Kd7 Kg1 104. Qe2 f1=Q 105. Qg4+ Kh1 106. Qh4+ Qh2 107. Qe4+
Kg1 108. Qg4+ Kf2 109. Qd4+ Kf3 110. Qd5+ Kg4 111. Qg8+ Kf3 112. Qd5+ Ke3 113.
Qc5+ Kd2 114. Qb4+ Kc1 115. Qc3+ Qc2 116. Qa1+ Qb1 117. Qa3+ Kc2 118. Qc5+ Kb3
119. Qb6+ Kc3 120. Qc5+ Qc4 121. Qa5+ Qbb4 122. Qa1+ Qb2 123. Qa5+ Kc2 0-1

[Event "CAN-ch U20 1996-97"]
[Site "Edmonton CAN"]
[Date "1996.12.30"]
[Round "7"]
[White "Dutton, Warren"]
[Black "Gulati, Justin"]
[Result "1-0"]
[WhiteElo "2006"]
[BlackElo "2004"]
[PlyCount "111"]
[EventDate "1996.12.27"]
[EventType "tourn"]
[EventRounds "11"]
[EventCountry "CAN"]

1. e4 c5 2. Nc3 Nc6 3. f4 e6 4. Nf3 g6 5. e5 a6 6. d3 Bg7 7. Ne4 d5 8. exd6 f5
9. d7+ Bxd7 10. Nd6+ Ke7 11. Nc4 Nh6 12. Be3 b6 13. h3 Re8 14. a4 a5 15. Nfe5
Nxe5 16. fxe5 Kf8 17. Nd6 Nf7 18. Nxe8 Bxe8 19. d4 cxd4 20. Qxd4 Bxe5 21. Qxd8
Rxd8 22. Bxb6 Rb8 23. Bc5+ Kg7 24. Ra2 Bxb2 25. Bd3 Bc3+ 26. Kf2 Ne5 27. Rd1
Nxd3+ 28. Rxd3 Be5 29. Bd6 Bxd6 30. Rxd6 Kf6 31. Ra6 Rd8 32. c4 Rc8 33. Re2 Rc6
34. Rxc6 Bxc6 35. c5 e5 36. Rd2 Bxa4 37. Ra2 Bc6 38. Rxa5 Ke6 39. Ra7 Kd5 40.
Rxh7 Kxc5 41. Rg7 Kd4 42. Rxg6 Bd5 43. Rf6 Be4 44. g3 Bc2 45. Rd6+ Kc5 46. Rd2
Bb3 47. Ke3 Bd5 48. h4 Bf7 49. Rf2 Bg6 50. h5 Bh7 51. Rd2 Bg8 52. Rd8 Bf7 53.
h6 Bg6 54. Rg8 f4+ 55. gxf4 exf4+ 56. Kxf4 1-0

[Event "CAN-ch U20 1996-97"]
[Site "Edmonton CAN"]
[Date "1996.12.30"]
[Round "7"]
[White "Goldenberg, Danny"]
[Black "Marshall, Peter"]
[Result "1-0"]
[WhiteElo "2355"]
[BlackElo "2231"]
[PlyCount "81"]
[EventDate "1996.12.27"]
[EventType "tourn"]
[EventRounds "11"]
[EventCountry "CAN"]

1. d4 Nf6 2. Nc3 d5 3. Bg5 c6 4. Bxf6 exf6 5. e3 f5 6. Bd3 Be6 7. Nf3 Nd7 8.
Ne2 Bd6 9. Nf4 h6 10. h4 Qb6 11. Rb1 O-O-O 12. h5 Kb8 13. c3 Rhe8 14. b4 Nf6
15. a4 Bc8 16. Kf1 Ng4 17. Qc1 Qc7 18. g3 g5 19. hxg6 fxg6 20. b5 g5 21. Ne2
Bxg3 22. Nxg3 Rxe3 23. Be2 Qf4 24. Nh5 Qe4 25. fxe3 Nxe3+ 26. Ke1 Re8 27. Ng3
Qg4 28. Rg1 f4 29. Ne5 Qh4 30. bxc6 Qh2 31. Kd2 fxg3 32. Kxe3 Qf2+ 33. Kd2 Qf4+
34. Kc2 Bf5+ 35. Bd3 Qf2+ 36. Kb3 Rxe5 37. Rf1 Qh2 38. Bxf5 Re2 39. Qa3 Kc7 40.
Qf8 Kxc6 41. Qc8+ 1-0

[Event "CAN-ch U20 1996-97"]
[Site "Edmonton CAN"]
[Date "1996.12.30"]
[Round "7"]
[White "Ho, Andrew"]
[Black "Hua, Lefong"]
[Result "1-0"]
[WhiteElo "2277"]
[BlackElo "2248"]
[PlyCount "117"]
[EventDate "1996.12.27"]
[EventType "tourn"]
[EventRounds "11"]
[EventCountry "CAN"]

1. d4 Nf6 2. c4 g6 3. Nc3 Bg7 4. e4 d6 5. Nf3 O-O 6. Be2 e5 7. O-O Nbd7 8. Re1
c6 9. Bf1 a5 10. b3 exd4 11. Nxd4 Re8 12. f3 Nc5 13. Be3 Nh5 14. Rc1 Be5 15. g3
Qe7 16. Bg2 Bg7 17. Qd2 Bd7 18. Rcd1 Rad8 19. Bf2 Bc8 20. Rb1 Nf6 21. a3 Nfd7
22. Qc2 Ne5 23. Rbd1 Qf6 24. h3 Ned7 25. Kh2 Ne6 26. Nce2 Ndc5 27. Nxe6 Qxe6
28. Nf4 Qe7 29. Nd3 Nxd3 30. Rxd3 Qc7 31. Qd2 f5 32. Rd1 fxe4 33. fxe4 Be5 34.
Bd4 Bxd4 35. Rxd4 Qb6 36. Qc3 Qc5 37. b4 axb4 38. axb4 Qe5 39. Qd2 Be6 40. c5
d5 41. exd5 Bxd5 42. Bxd5+ cxd5 43. Rxd5 Rxd5 44. Qxd5+ Qxd5 45. Rxd5 Re7 46.
Kg2 Kg7 47. Kf3 h5 48. b5 Rc7 49. Ke4 Kf7 50. Kd4 Ke6 51. Rd6+ Kf5 52. c6 bxc6
53. bxc6 g5 54. Rd5+ Kf6 55. Kc5 h4 56. gxh4 gxh4 57. Rh5 Rg7 58. Rxh4 Ke7 59.
Kb6 1-0

[Event "CAN-ch U20 1996-97"]
[Site "Edmonton CAN"]
[Date "1996.12.30"]
[Round "7"]
[White "Lou Meng"]
[Black "Wu, Douglas"]
[Result "1-0"]
[WhiteElo "2274"]
[BlackElo "2001"]
[PlyCount "53"]
[EventDate "1996.12.27"]
[EventType "tourn"]
[EventRounds "11"]
[EventCountry "CAN"]

1. d4 Nf6 2. Nf3 g6 3. c4 Bg7 4. Nc3 O-O 5. e4 d6 6. h3 e5 7. d5 Na6 8. Bg5 Qe8
9. g4 Nc5 10. Nd2 a5 11. Be2 Bd7 12. h4 c6 13. Be3 Qc8 14. f3 a4 15. Nf1 Rd8
16. Ng3 Ne8 17. Qd2 Nc7 18. h5 f5 19. Bg5 Re8 20. hxg6 hxg6 21. gxf5 gxf5 22.
Bh6 f4 23. Bxg7 Kxg7 24. Nh5+ Kf7 25. dxc6 Bxc6 26. Qxd6 Nd7 27. Nxf4 1-0

[Event "CAN-ch U20 1996-97"]
[Site "Edmonton CAN"]
[Date "1996.12.30"]
[Round "7"]
[White "Nabi, Shahin"]
[Black "McLean, Nathan"]
[Result "0-1"]
[WhiteElo "1920"]
[BlackElo "2012"]
[PlyCount "100"]
[EventDate "1996.12.27"]
[EventType "tourn"]
[EventRounds "11"]
[EventCountry "CAN"]

1. e4 e5 2. Nf3 Nc6 3. Bb5 a6 4. Ba4 Nf6 5. O-O Be7 6. Re1 b5 7. Bb3 O-O 8. c3
d5 9. exd5 Nxd5 10. Nxe5 Nxe5 11. Rxe5 c6 12. Qf3 Bd6 13. Re1 Re8 14. Rd1 Bxh2+
15. Kxh2 Qh4+ 16. Kg1 Bg4 17. Qg3 Qxg3 18. fxg3 Bxd1 19. Bxd1 Re1+ 20. Kf2 Rxd1
21. Na3 Re8 22. Nc2 c5 23. b3 f6 24. c4 Nb4 25. Nxb4 cxb4 26. c5 Kf7 27. Kf3
Ree1 28. d4 Rxc1 29. Rxc1 Rxc1 30. Ke4 Ke6 31. d5+ Kd7 32. Kd4 a5 33. d6 Kc6
34. g4 Rxc5 35. d7 Rd5+ 36. Ke4 Rxd7 37. g5 fxg5 38. Kf5 h6 39. Kg6 a4 40. g4
Kc5 41. Kh5 Kd4 42. Kg6 Kc3 43. Kf5 Kb2 44. Ke6 Ra7 45. Kd6 Kxa2 46. Kc6 Kxb3
47. Kxb5 a3 48. Kb6 Rf7 49. Kb5 a2 50. Kc5 a1=Q 0-1

[Event "CAN-ch U20 1996-97"]
[Site "Edmonton CAN"]
[Date "1996.12.30"]
[Round "8"]
[White "Henson, Joshua"]
[Black "Ho, Andrew"]
[Result "0-1"]
[WhiteElo "1873"]
[BlackElo "2277"]
[PlyCount "84"]
[EventDate "1996.12.27"]
[EventType "tourn"]
[EventRounds "11"]
[EventCountry "CAN"]

1. e4 c5 2. Nf3 e6 3. d4 cxd4 4. Nxd4 Nf6 5. Nc3 d6 6. Be2 Be7 7. O-O O-O 8.
Kh1 a6 9. a4 Nc6 10. Be3 Qc7 11. Nb3 b6 12. f4 Bb7 13. Bf3 Rfe8 14. Qe1 Rab8
15. g4 Nd7 16. g5 Nc5 17. Nxc5 bxc5 18. Qf2 Ba8 19. b3 c4 20. Rab1 Nb4 21. Rfc1
cxb3 22. Rxb3 Nd3 23. cxd3 Rxb3 24. Nd5 Qb8 25. Ba7 Qb7 26. Rc7 Rb1+ 27. Kg2
Rb2 28. Be2 exd5 29. Rxb7 Bxb7 30. Kg3 dxe4 31. dxe4 Rb3+ 32. Be3 Rc8 33. Bd1
Rd3 34. Be2 Ra3 35. Kg4 Rxa4 36. Bf3 Bxe4 37. Qb2 Bxf3+ 38. Kxf3 Bf8 39. Qb3
Rac4 40. Qa2 Rc3 41. Qxa6 Re8 42. Qb6 Rexe3+ 0-1

[Event "CAN-ch U20 1996-97"]
[Site "Edmonton CAN"]
[Date "1996.12.30"]
[Round "8"]
[White "Hua, Lefong"]
[Black "Nabi, Shahin"]
[Result "1-0"]
[WhiteElo "2248"]
[BlackElo "1920"]
[PlyCount "63"]
[EventDate "1996.12.27"]
[EventType "tourn"]
[EventRounds "11"]
[EventCountry "CAN"]

1. d4 Nf6 2. c4 g6 3. Nc3 Bg7 4. e4 d6 5. f4 O-O 6. Nf3 c5 7. d5 e6 8. Be2 exd5
9. cxd5 Bg4 10. O-O Nbd7 11. h3 Bxf3 12. Bxf3 a6 13. a4 Ne8 14. Qe2 Nc7 15. Be3
Rb8 16. a5 b5 17. axb6 Rxb6 18. Na4 Rb5 19. Rfc1 Re8 20. Qd2 f5 21. e5 dxe5 22.
d6 Ne6 23. Bc6 exf4 24. Bf2 Nd4 25. Bxb5 axb5 26. Nxc5 Ne2+ 27. Kh1 Nxc1 28.
Rxc1 Be5 29. Qd5+ Kh8 30. Nxd7 Qxd7 31. Re1 Bxd6 32. Bd4+ 1-0

[Event "CAN-ch U20 1996-97"]
[Site "Edmonton CAN"]
[Date "1996.12.30"]
[Round "8"]
[White "Marshall, Peter"]
[Black "Dutton, Warren"]
[Result "1-0"]
[WhiteElo "2231"]
[BlackElo "2006"]
[PlyCount "69"]
[EventDate "1996.12.27"]
[EventType "tourn"]
[EventRounds "11"]
[EventCountry "CAN"]

1. d4 Nf6 2. c4 g6 3. Nc3 d5 4. Nf3 Bg7 5. Bf4 c6 6. e3 O-O 7. Be2 Nbd7 8. O-O
dxc4 9. Bxc4 Nb6 10. Bb3 Nbd5 11. Bg3 Nxc3 12. bxc3 Ne4 13. Rc1 Bg4 14. h3 Bxf3
15. Qxf3 Nd2 16. Qe2 Nxf1 17. Rxf1 Qa5 18. c4 e5 19. d5 Qa6 20. Qd2 Rad8 21. e4
f5 22. c5 fxe4 23. Bh4 e3 24. d6+ Kh8 25. Qxe3 b6 26. Bxd8 Rxd8 27. Qg5 Qc8 28.
Be6 Qb8 29. Rd1 bxc5 30. d7 Qb6 31. Rd6 Qa5 32. Rxc6 h6 33. Qe7 Bf8 34. Qf7 Bg7
35. Rc8 1-0

[Event "CAN-ch U20 1996-97"]
[Site "Edmonton CAN"]
[Date "1996.12.30"]
[Round "8"]
[White "McLean, Nathan"]
[Black "Goldenberg, Danny"]
[Result "0-1"]
[WhiteElo "2012"]
[BlackElo "2355"]
[PlyCount "48"]
[EventDate "1996.12.27"]
[EventType "tourn"]
[EventRounds "11"]
[EventCountry "CAN"]

1. e4 c5 2. f4 d5 3. exd5 Qxd5 4. Nc3 Qd6 5. d3 Nf6 6. Nf3 Nc6 7. Be2 g6 8. O-O
Bg7 9. Ne4 Qc7 10. Nxc5 Nd5 11. g3 Nd4 12. c4 Qxc5 13. Kg2 Nxe2 14. Qxe2 Nf6
15. d4 Qh5 16. Re1 O-O 17. Qxe7 Bh3+ 18. Kf2 Rae8 19. Qb4 Ne4+ 20. Rxe4 Rxe4
21. Be3 Bg4 22. Nh4 Rfe8 23. Re1 Rxe3 24. Rxe3 Bxd4 0-1

[Event "CAN-ch U20 1996-97"]
[Site "Edmonton CAN"]
[Date "1996.12.30"]
[Round "8"]
[White "Wu, Douglas"]
[Black "Gulati, Justin"]
[Result "1/2-1/2"]
[WhiteElo "2001"]
[BlackElo "2004"]
[PlyCount "46"]
[EventDate "1996.12.27"]
[EventType "tourn"]
[EventRounds "11"]
[EventCountry "CAN"]

1. d4 Nf6 2. c4 g6 3. Nc3 Bg7 4. e4 d6 5. f3 O-O 6. Be3 e5 7. Nge2 Nc6 8. d5
Ne7 9. Qd2 a6 10. g4 Ne8 11. h4 f6 12. O-O-O Bd7 13. Ng3 b5 14. h5 g5 15. h6
Bh8 16. Nf5 Nxf5 17. gxf5 Kf7 18. Kb1 Qb8 19. Bd3 bxc4 20. Bxc4 Qb4 21. Bd3 a5
22. Rc1 Rb8 23. Qc2 Kg8 1/2-1/2

[Event "CAN-ch U20 1996-97"]
[Site "Edmonton CAN"]
[Date "1996.12.31"]
[Round "9"]
[White "Dutton, Warren"]
[Black "McLean, Nathan"]
[Result "1-0"]
[WhiteElo "2006"]
[BlackElo "2012"]
[PlyCount "49"]
[EventDate "1996.12.27"]
[EventType "tourn"]
[EventRounds "11"]
[EventCountry "CAN"]

1. e4 e5 2. Nf3 Nc6 3. Bc4 Bc5 4. c3 Nf6 5. d4 exd4 6. e5 Ng4 7. cxd4 Bb4+ 8.
Nc3 O-O 9. O-O d6 10. h3 Nh6 11. Bg5 Qd7 12. Bxh6 gxh6 13. Ne4 Kh8 14. Nf6 Qf5
15. Bd3 Qe6 16. d5 Qe7 17. dxc6 dxe5 18. Nd5 Qd6 19. Nxb4 Qxb4 20. Qe2 f6 21.
Rac1 Rg8 22. Kh1 Rxg2 23. Kxg2 h5 24. Qe4 Qe7 25. Qxh7+ 1-0

[Event "CAN-ch U20 1996-97"]
[Site "Edmonton CAN"]
[Date "1996.12.31"]
[Round "9"]
[White "Gulati, Justin"]
[Black "Marshall, Peter"]
[Result "0-1"]
[WhiteElo "2004"]
[BlackElo "2231"]
[PlyCount "126"]
[EventDate "1996.12.27"]
[EventType "tourn"]
[EventRounds "11"]
[EventCountry "CAN"]

1. e4 c5 2. Nc3 Nc6 3. g3 g6 4. Bg2 Bg7 5. d3 e5 6. Be3 d6 7. Qd2 Nge7 8. Nge2
Nd4 9. Nd1 Bh3 10. O-O O-O 11. f4 Bxg2 12. Kxg2 d5 13. fxe5 Nec6 14. Nxd4 cxd4
15. Bh6 dxe4 16. dxe4 Nxe5 17. Bxg7 Kxg7 18. Qf4 Qe7 19. Nf2 Rac8 20. Rac1 Rc6
21. Nd3 Nc4 22. Rf2 Rfc8 23. c3 Ne3+ 24. Kg1 Re6 25. e5 Rd8 26. cxd4 Nf5 27.
Nc5 Rc6 28. Rd2 Nxd4 29. Rxd4 Rxc5 30. Qf6+ Qxf6 31. exf6+ Kh6 32. Rxc5 Rxd4
33. Rc7 Rd1+ 34. Kf2 Rd2+ 35. Kf3 Rxb2 36. Rxf7 Rxh2 37. Rxb7 Rxa2 38. Rb8 Ra6
39. Rf8 Re6 40. Kg4 a5 41. Kf4 Kh5 42. g4+ Kh4 43. g5 Re1 44. Rh8 Rf1+ 45. Ke4
Kxg5 46. Rxh7 Kxf6 47. Ra7 Ra1 48. Kf4 Ra4+ 49. Kf3 Kf5 50. Rf7+ Kg5 51. Rc7
Ra3+ 52. Ke4 Kg4 53. Rc1 g5 54. Rg1+ Kh5 55. Kf5 Rf3+ 56. Ke4 Rf4+ 57. Ke3 a4
58. Ra1 Kg4 59. Rg1+ Kf5 60. Rb1 a3 61. Ra1 Ra4 62. Kf3 a2 63. Kg3 Ra3+ 0-1

[Event "CAN-ch U20 1996-97"]
[Site "Edmonton CAN"]
[Date "1996.12.31"]
[Round "9"]
[White "Nabi, Shahin"]
[Black "Henson, Joshua"]
[Result "1/2-1/2"]
[WhiteElo "1920"]
[BlackElo "1873"]
[PlyCount "57"]
[EventDate "1996.12.27"]
[EventType "tourn"]
[EventRounds "11"]
[EventCountry "CAN"]

1. e4 c5 2. Nf3 Nc6 3. d4 cxd4 4. Nxd4 Nf6 5. Nc3 d6 6. Bg5 e6 7. Be2 a6 8.
Nxc6 bxc6 9. e5 dxe5 10. Qxd8+ Kxd8 11. Bf3 Kc7 12. O-O-O Bb4 13. Rhe1 Nd5 14.
Bd2 Nxc3 15. Bxc3 Bxc3 16. bxc3 f6 17. c4 Bb7 18. Rd3 Rad8 19. Kb2 Rd7 20. Kc3
Rhd8 21. Red1 Rxd3+ 22. Rxd3 Rxd3+ 23. cxd3 c5 24. Bxb7 Kxb7 25. Kb3 Kb6 26.
Kc3 Kc6 27. Kc2 g6 28. Kd2 f5 29. f3 1/2-1/2

[Event "CAN-ch U20 1996-97"]
[Site "Edmonton CAN"]
[Date "1997.01.01"]
[Round "10"]
[White "Henson, Joshua"]
[Black "Goldenberg, Danny"]
[Result "0-1"]
[WhiteElo "1873"]
[BlackElo "2355"]
[PlyCount "90"]
[EventDate "1996.12.27"]
[EventType "tourn"]
[EventRounds "11"]
[EventCountry "CAN"]

1. e4 c5 2. Nf3 Nc6 3. Bb5 g6 4. O-O Bg7 5. c3 Nf6 6. Re1 O-O 7. h3 Qb6 8. Na3
d6 9. Bxc6 bxc6 10. Nc4 Qc7 11. e5 Nd5 12. d4 Ba6 13. Ne3 Nf4 14. Ng4 Nd3 15.
exd6 exd6 16. Re3 Nxc1 17. Rxc1 h5 18. Ngh2 Bh6 19. Re1 Bxc1 20. Qxc1 Kg7 21.
dxc5 dxc5 22. Qg5 Rae8 23. Rd1 Be2 24. Rd2 Bc4 25. Qxc5 Bxa2 26. Rd6 Qb6 27.
Rxc6 Qxb2 28. Qd4+ f6 29. Rc7+ Rf7 30. Rxa7 Rxa7 31. Qxa7+ Bf7 32. Qd4 Rc8 33.
Qd2 Qa1+ 34. Qe1 Qxe1+ 35. Nxe1 Rxc3 36. Nhf3 Rc1 37. Kh2 Bc4 38. Kg3 g5 39.
Nd2 h4+ 40. Kh2 Be2 41. Nef3 Bxf3 42. Nxf3 Rf1 43. Nd2 Rxf2 44. Ne4 Re2 45. Nc3
Rc2 0-1

[Event "CAN-ch U20 1996-97"]
[Site "Edmonton CAN"]
[Date "1997.01.01"]
[Round "10"]
[White "Hua, Lefong"]
[Black "Dutton, Warren"]
[Result "1-0"]
[WhiteElo "2248"]
[BlackElo "2006"]
[PlyCount "59"]
[EventDate "1996.12.27"]
[EventType "tourn"]
[EventRounds "11"]
[EventCountry "CAN"]

1. d4 Nf6 2. c4 g6 3. Nc3 d5 4. cxd5 Nxd5 5. e4 Nxc3 6. bxc3 Bg7 7. Nf3 c5 8.
Rb1 O-O 9. Be2 Nc6 10. d5 Bxc3+ 11. Bd2 Bxd2+ 12. Qxd2 Nd4 13. Nxd4 cxd4 14.
Qxd4 Qa5+ 15. Qd2 Qxd2+ 16. Kxd2 e6 17. Bc4 b6 18. Ke3 Rb8 19. d6 Rd8 20. e5
Bb7 21. f3 Rbc8 22. Kd4 Rc5 23. Rb5 Bd5 24. Rxc5 bxc5+ 25. Kc3 f6 26. Rd1 Bxc4
27. Kxc4 fxe5 28. d7 Kf7 29. Kxc5 Ke7 30. Kc6 1-0

[Event "CAN-ch U20 1996-97"]
[Site "Edmonton CAN"]
[Date "1997.01.01"]
[Round "10"]
[White "Lou Meng"]
[Black "Nabi, Shahin"]
[Result "1-0"]
[WhiteElo "2274"]
[BlackElo "1920"]
[PlyCount "79"]
[EventDate "1996.12.27"]
[EventType "tourn"]
[EventRounds "11"]
[EventCountry "CAN"]

1. d4 Nf6 2. c4 g6 3. Nc3 Bg7 4. e4 d6 5. Nf3 O-O 6. h3 e5 7. d5 c6 8. Be3 Qe7
9. Be2 Ne8 10. Qb3 Nd7 11. O-O-O c5 12. g4 h6 13. Qc2 f6 14. Rdg1 g5 15. Nd2
Rf7 16. h4 Nf8 17. h5 Nc7 18. Nf1 Rb8 19. Ng3 a6 20. a3 b5 21. f3 Kh8 22. Kd2
bxc4 23. Bxc4 Nb5 24. Bxb5 axb5 25. b4 Nd7 26. Nf5 Qf8 27. Ke2 Kg8 28. Kf2 Nb6
29. Nxd6 Qxd6 30. bxc5 Qd8 31. cxb6 Ba6 32. Rb1 Rc8 33. Qb3 Bf8 34. Nxb5 Bxb5
35. Qxb5 Bxa3 36. b7 Rb8 37. Qa6 Bd6 38. Rhc1 Rc7 39. Rc6 Rxc6 40. Qxc6 1-0

[Event "CAN-ch U20 1996-97"]
[Site "Edmonton CAN"]
[Date "1997.01.01"]
[Round "10"]
[White "McLean, Nathan"]
[Black "Gulati, Justin"]
[Result "0-1"]
[WhiteElo "2012"]
[BlackElo "2004"]
[PlyCount "30"]
[EventDate "1996.12.27"]
[EventType "tourn"]
[EventRounds "11"]
[EventCountry "CAN"]

1. e4 e5 2. Nf3 Nf6 3. Nxe5 d6 4. Nf3 Nxe4 5. d3 Nf6 6. d4 Be7 7. c4 O-O 8. Bd3
d5 9. b3 Bg4 10. Be3 Bb4+ 11. Nbd2 c5 12. dxc5 d4 13. Bxd4 Bxf3 14. Bxf6 Qxd3
15. Qxf3 Re8+ 0-1

[Event "CAN-ch U20 1996-97"]
[Site "Edmonton CAN"]
[Date "1997.01.01"]
[Round "10"]
[White "Wu, Douglas"]
[Black "Marshall, Peter"]
[Result "0-1"]
[WhiteElo "2001"]
[BlackElo "2231"]
[PlyCount "70"]
[EventDate "1996.12.27"]
[EventType "tourn"]
[EventRounds "11"]
[EventCountry "CAN"]

1. d4 Nf6 2. e3 d5 3. Bd3 c5 4. c3 Nc6 5. f4 Bg4 6. Nf3 e6 7. Nbd2 cxd4 8. exd4
Bd6 9. Nf1 Qc7 10. h3 Bh5 11. g4 Bg6 12. Ne5 O-O-O 13. Be3 Ne4 14. Qf3 Bxe5 15.
fxe5 f6 16. exf6 gxf6 17. Nd2 e5 18. Nxe4 dxe4 19. Bxe4 Bxe4 20. Qxe4 exd4 21.
Qf5+ Kb8 22. Bf4 Rhe8+ 23. Kf2 Ne5 24. Rhd1 dxc3 25. Qxf6 Rc8 26. Bxe5 Rxe5 27.
bxc3 Qc5+ 28. Kg2 Qxc3 29. Qd6+ Ka8 30. Qd3 Qb2+ 31. Kh1 Re2 32. Qf3 Qe5 33.
Kg1 Re3 34. Qd5 Rg3+ 35. Kh2 Rc2+ 0-1